Welcome to CU Library Online Public Access Catalogue (OPAC)

The Scope of cardiac rehabilitation nursing practice / (Record no. 3656)

MARC details
000 -LEADER
fixed length control field 00968cam a22002175a 4500
001 - CONTROL NUMBER
control field 656895
005 - DATE AND TIME OF LATEST TRANSACTION
control field 20250208112733.0
008 - FIXED-LENGTH DATA ELEMENTS--GENERAL INFORMATION
fixed length control field 940113s1993 dcu b 000 0 eng
050 00 - LIBRARY OF CONGRESS CALL NUMBER
Classification number RC674
Item number .S395 1993
082 00 - DEWEY DECIMAL CLASSIFICATION NUMBER
Classification number 610.73/691
Edition information 20
245 04 - TITLE STATEMENT
Title The Scope of cardiac rehabilitation nursing practice /
Statement of responsibility, etc. American Nurses Association, Council on Medical-Surgical Nursing Practice.
260 ## - PUBLICATION, DISTRIBUTION, ETC.
Place of publication, distribution, etc. Washington, DC :
Name of publisher, distributor, etc. American Nurses Pub.,
Date of publication, distribution, etc. c1993.
300 ## - PHYSICAL DESCRIPTION
Extent 32 p. ;
Dimensions 23 cm.
500 ## - GENERAL NOTE
General note Cover title.
500 ## - GENERAL NOTE
General note "Task Force on the Scope of Cardiac Rehabilitation Nursing Practice"--Prelim. p.
650 #0 - SUBJECT ADDED ENTRY--TOPICAL TERM
Topical term or geographic name entry element Heart
General subdivision Diseases
-- Nursing.
650 #0 - SUBJECT ADDED ENTRY--TOPICAL TERM
Topical term or geographic name entry element Heart
General subdivision Diseases
-- Patients
-- Rehabilitation.
710 2# - ADDED ENTRY--CORPORATE NAME
Corporate name or jurisdiction name as entry element Council on Medical-Surgical Nursing Practice (American Nurses Association)
710 2# - ADDED ENTRY--CORPORATE NAME
Corporate name or jurisdiction name as entry element Council on Medical-Surgical Nursing Practice (American Nurses Association).
Subordinate unit Task Force on the Scope of Cardiac Rehabilitation Nursing Practice.
942 ## - ADDED ENTRY ELEMENTS (KOHA)
Source of classification or shelving scheme Library of Congress Classification
Koha item type Books
Suppress in OPAC No
999 ## -
-- 3656
-- 3656
Holdings
Withdrawn status Lost status Source of classification or shelving scheme Damaged status Not for loan Collection Home library Current library Shelving location Date acquired Total checkouts Full call number Barcode Date last seen Copy number Price effective from Koha item type
    Library of Congress Classification     Non-fiction Science Library (Miotso) Science Library (Miotso) General stacks 02/08/2025   RC674 .S395 COU SLM00003199 02/08/2025 1 02/08/2025 Books
© 2023-2024 Copyright: Central University Libraries. All Rights Reserved | Created by: Mahone Tech Office